000
00356nam a2200157Ia 4500
005
20250425160809.0
008
250425s9999 xx 000 0 und d
041
_a
eng
082
_a
001.6424
245
0
_a
AN INDIVIDUAL LEARNIG COURSE IN CP/M
250
_a
S.E.
260
_a
S.L.
260
_a
Sin Pais
_b
S.E.
_c
1981
942
_c
01
010
_a
5442
999
_c
196331
_d
196331